00657nam a2200181 a 450000100060000000300090000600800410001502000150005604000280007108200160009910000240011524500730013926000540021230000110026649000650027765000650034265000680040711084CO-ViMGA141112s2004 ck r 000 u spa d a0892950242 aCO-ViMGAbspacCO-ViMGA04a860.4 A51p31 aJimenez, Jose Olivo10aLa presencia de Antonio Machado en la poesia española de posguerra aSociety of spanish and Américan studies, c1983 a232 p. abiblioteca romantica hispanoAméricana - estudios y ensayos14aMACHADO Y RUIZ ANTONIO 1875 - 1939, CRITICA E INTERPRETACION14aUNAMANO U LUGO MIGUEL DE 1864 - 1936 - CRITICA E INTERPRETACION